[Event "Spijkenisse op"]
[Site "Spijkenisse"]
[Date "2010.05.15"]
[Round "4"]
[White "Roomer, Hans"]
[Black "Bergshoeff, Bert"]
[Result "1/2-1/2"]
[WhiteElo "1428"]
[BlackElo "1346"]
[PlyCount "53"]
[EventDate "2010.05.14"]
[EventType "swiss"]
[EventRounds "6"]
[EventCountry "NED"]
[SourceTitle "CBM 136 Extra"]
[Source "ChessBase"]
[SourceDate "2010.07.02"]
[SourceVersion "2"]
[SourceVersionDate "2010.07.15"]
[SourceQuality "1"]

1. e4 c5 2. c4 Nc6 3. Nf3 d6 4. d3 Nf6 5. Be2 Bg4 6. Nc3 e6 7. 0-0 Be7 8. h3 Bh5 9. Nh2 Bxe2 10. Qxe2 0-0 11. Nd1 Nd4 12. Qd2 a6 13. b3 b5 14. Bb2 Nc6 15. Ne3 Qc7 16. Nhg4 Nh5 17. Qd1 Nf4 18. Nh2 Rad8 19. Qg4 Ng6 20. f4 f6 21. Rad1 Qc8 22. f5 Nge5 23. Qg3 Nd4 24. Bxd4 cxd4 25. Neg4 Nf7 26. Nf3 e5 27. Nf2 1/2-1/2

[Event "Spijkenisse op"]
[Site "Spijkenisse"]
[Date "2010.05.15"]
[Round "3"]
[White "Schraa, Ger"]
[Black "Roomer, Hans"]
[Result "0-1"]
[WhiteElo "1268"]
[BlackElo "1428"]
[PlyCount "55"]
[EventDate "2010.05.14"]
[EventType "swiss"]
[EventRounds "6"]
[EventCountry "NED"]
[SourceTitle "CBM 136 Extra"]
[Source "ChessBase"]
[SourceDate "2010.07.02"]
[SourceVersion "2"]
[SourceVersionDate "2010.07.15"]
[SourceQuality "1"]

1. d4 d5 2. Nf3 Nc6 3. e3 Nf6 4. c4 e6 5. a3 a5 6. Nc3 Be7 7. Bd3 h6 8. 0-0 0-0 9. Re1 dxc4 10. Bxc4 Bd6 11. e4 Nh7 12. e5 Be7 13. Bb3 Bd7 14. Be3 Rb8 15. d5 exd5 16. Nxd5 Be6 17. Nxe7+ Qxe7 18. Rc1 Rbd8 19. Qc2 Rfe8 20. Ba4 Bd5 21. Bc5 Qe6 22. Nd4 Nxd4 23. Bxd4 c6 24. Qd3 Qg4 25. g3 Ng5 26. Bd1 Qh3 27. Qf1 Qf5 28. Bc3 0-1